000 00796nam a22002297a 4500
999 _c64369
_d64369
005 20240530110728.0
008 180429s2009 ua a g b 000 0 ara d
017 _a2008/11/3475
_bعمان . دائرة المكتبة الوطنية
040 _aEG-CaGPL
_cEG-CaGPL
082 0 4 _221
_a006.6 \
_bس م
100 0 _aسعد صديق البهنسى
245 1 0 _aمعالجة الصور بواسطة الكمبيوتر /
_cسعد صديق البهنسى
250 _aط.1
260 _aالقاهرة :
_c2009
300 _a504 ص. ؛
_c24 سم.
650 0 7 _2qrmak
_aالحاسبات الالكترونية
650 0 7 _2qrmak
_aالصور
650 0 7 _2qrmak
_aالوسائط المتعددة
650 0 7 _2qrmak
_aبرامج الحاسبات
651 _2qrmak
942 _2ddc
_cBK